Holiday Quiz

Random Holiday or Christmas Quiz

Who Am I? Holiday Mascots and Characters Quiz Stats

 Plays Quiz Updated Nov 28, 2016

Support Sporcle.
Go Orange.
Score 0/25 Timer 05:00
0 Plays Today
% Correct
Jack-o'-lantern
88%
Cupid
87.7%
Tom Turkey
87.5%
Leprechaun
85.6%
Uncle Sam
80.5%
Pi
80.1%
Easter Bunny
79.9%
Baby New Year
79.6%
George Washington
77%
Christopher Columbus
74.9%
Santa Claus
74.4%
Guy Fawkes
74.4%
Punxsutawney Phil
72.7%
% Correct
Festivus Pole
70.4%
Krampus
64.6%
Yule Lads
64.1%
Colonel Sanders
63.4%
The Magi
61.8%
James Joyce
57.5%
La Calavera Catrina
39.5%
Mari Lwyd
38.1%
Tió de Nadal
34.4%
Lord of Misrule
33%
Setsubun Demon
24%
Rex
18.6%

You're not logged in!

Compare scores with friends on all Sporcle quizzes.
OR
Log In

From the Vault

Two-Letter Words in Movie Titles

by aduchscher

Wait until two letter movies start cropping up more.
Remove Ads.
Support Sporcle.
Get the best of Sporcle when you Go Orange. This ad-free experience offers more features, more stats, and more fun while also helping to support Sporcle. Thank you for becoming a member.

Show Comments

Extras

Top Quizzes Today


Score Distribution

Your Account Isn't Verified!

In order to create a playlist on Sporcle, you need to verify the email address you used during registration. Go to your Sporcle Settings to finish the process.

Report this User

Report this user for behavior that violates our Community Guidelines.

Details: